|
|
|
|
| LEADER |
00000nab a22000001a 4500 |
| 001 |
vtls008997622 |
| 003 |
SK-MaSNL |
| 005 |
20260303065812.0 |
| 008 |
070611d19380202xo |r|p|||| |000 b|slo |
| 015 |
|
|
|a SNBRRBVU1918-1938
|
| 038 |
|
|
|a SNKBUCL
|
| 038 |
|
|
|a SNKBUVU
|
| 040 |
|
|
|a SNKBUVU
|b slo
|c SNKBUCL
|e AACR2
|
| 041 |
0 |
|
|a slo
|
| 044 |
|
|
|a xo
|c SK
|
| 080 |
|
|
|a 75.051:75.021.32
|2 1997
|
| 080 |
|
|
|a 75.021.32
|2 1997
|
| 100 |
1 |
|
|a Čordák, Ľudovít,
|d 1864-1937
|4 aut
|9 38226
|
| 245 |
1 |
0 |
|a Lúky pod Kriváňom
|c Ľud. Csordák
|
| 520 |
|
|
|a Reprodukcia maľby, vystavovanej 2.2.-24.2.1938 v Bratislave
|
| 650 |
0 |
7 |
|a slovenské maliarstvo
|2 MM
|9 3124
|
| 650 |
0 |
7 |
|a maľby
|2 MM
|9 313520
|
| 655 |
|
7 |
|a reprodukcie výtvarných diel
|2 MM
|9 310790
|
| 773 |
0 |
|
|t Slovenská politika
|g Roč. 19, č. 27 (2.2.1938), s. 2
|
| 852 |
|
|
|a SNK
|b KIS3GCP
|
| 910 |
|
|
|a snkrbvumm
|
| 958 |
|
|
|a VY
|
| 999 |
|
|
|c 1752773
|d 1754703
|